| 000 | 00725nam a22002057a 4500 | ||
|---|---|---|---|
| 999 |
_c7242 _d7242 |
||
| 003 | OSt | ||
| 005 | 20190722102358.0 | ||
| 008 | 190722e201904 spc|||||| 000 0cspa|d | ||
| 017 |
_aDL B 6390-2019 _bBiblioteca de Catalunya |
||
| 020 | _a9788417747015 | ||
| 040 |
_aES-BaBAB _bcat _cCDMR |
||
| 100 | 1 |
_aMartí Gómez, José _9673 |
|
| 245 | 1 | 4 |
_aLos Lara _b: aproximación a una familia y a su tiempo / _cJosé Martí Gómez |
| 260 |
_aBarcelona : _bGalaxia Gutenberg : _bLa Maleta de Portbou, _c2019 |
||
| 300 |
_a291 p. ; _c21 cm |
||
| 600 | 1 | 7 |
_aLara Hernández, José Manuel, _d1914-2003 _xFamília _2lemac |
| 610 | 2 | 7 |
_aEditorial Planeta _xHistòria _2lemac |
| 650 | 0 | 7 |
_aEditors _zCatalunya _xBiografia _2lemac _93457 |
| 942 | _cMON | ||